Normal view
MARC view
- Madrid Hurtado, Miguel de la,
Entry Nombre Personal
001 - NUMERO DE CONTROL
- campo de control: 29216
003 - IDENTIFICADOR DE NUMERO DE CONTROL
- campo de control: UPN
005 - FECHA Y HORA DE LA ÜLTIMA TRANSACCIÓN
- campo de control: 20240912092828.0
008 - DATOS DE LONGITUD FIJA
- campo de control de longitud fija: nabaccnnaabn|||||||||| b |nc|||||d
035 ## - NUMERO DE CONTROL
- Número de control: UPN11000001322
040 ## - FUENTE DE CATALOGACIÓN
- Lenguaje de catalogación: SPA
- Agencia de transcripción: UPN
100 1# - ENCABEZAMIENTO - NOMBRE PERSONAL
- Nombre personal: Madrid Hurtado, Miguel de la,
- Fechas asociadas con el nombre: 1934-2012
510 1# - MENCIÓN DE REFERENCIA “VÉASE ADEMÁS”- NOMBRE DE ENTIDAD CORPORTATIVA
- Corporate name or jurisdiction name as entry element: México.
- Subordinate unit: Presidente (1982-1988 : Madrid Hurtado)
670 ## - FUENTE EN LA QUE SE LOCALIZARON DATOS
- Cita de la fuente: T
- Información localizada: Diccionario Porrúa de historia, biografía y geografía de México
680 ## - NOTA PUBLICA DE ACCESO PÚBLICO
- Frase explicativa de la referencia: Abogado y político mexicano
902 ## - CATALOGADOR
- Catalogador: DAA/150408
